Mathématiques de l'action: langage des ensembles des statistiques et des aléas

Saved in:
Bibliografiske detaljer
Main Authors: Rosenstiehl, P (Author), Massé, P (Author)
Andre forfattere: Mothes, Jean (auteur)
Format: Bog
Sprog:fransk
Udgivet: París Dunod 1967
Serier:Théorie et Methodes, 2
Fag:
Tags: Tilføj Tag
Ingen Tags, Vær først til at tagge denne postø!

MARC

LEADER 00000nam a2200000 a 4500
001 UCP1017
003 CL-VaPUC
008 990326e19670000FR |||||||||||||||||fre|d
082 0 4 |a 519.5  |b ROS  |2 21 
100 0 |a Rosenstiehl, P  |e author  |9 426743 
700 |a Mothes, Jean  |e auteur  |9 378403 
700 0 |a Massé, P  |e author  |9 426745 
245 1 0 |a Mathématiques de l'action: langage des ensembles des statistiques et des aléas 
300 |a 499 p 
942 |c BK 
945 |d 19990326 00:00:00  |a crobeson 
260 |a París  |b Dunod  |c 1967 
650 0 |a Estadística matemática  |9 260028 
650 0 |a Álgebra de Boole  |9 270013 
650 0 |a Teoría de probabilidades   |9 336944 
650 0 |a Muestreo (Estadística)  |9 270232 
650 0 |a Análisis de regresión   |9 263763 
583 |a last modification  |c 19990326 00:00:00  |k Rodrigo Vera 
490 0 |a Théorie et Methodes, 2 
999 |c 279739  |d 279737 
952 |0 0  |1 0  |4 0  |6 519_500000000000000_ROS_1967  |7 0  |8 A  |9 319515  |a BIBGIM  |b BIBGIM  |d 2019-11-20  |i 1333275  |o 519.5 ROS 1967  |p 1333275  |r 2025-01-15  |w 2019-11-20  |y BK  |k EST